00278nam a2200133Ia 4500003000400000005001700004008004100021020001900062040001000081100001200091245002400103260000800127260000900135OSt20240409121936.0170524s9999 xx 000 0 und d a978-0074633175 ciimtu aPuri VK 0aDigital Electronics bTMH c2006